000 00595nam a2200241Ia 4500
003 OSt
005 20220924144356.0
006 a|||||r|||| 00| 0
007 ta
008 220923b |||||||| |||| 00| 0 urd d
020 _c15.00
024 _a314028
037 _cTextual
040 _aARTS
_cARTS
_burd
041 _2urd
_aurd
082 _aO168,1MMB,11, F0
100 _aAamir Usmani
_9217554
245 0 _aSultan-Ul-Maharebat
260 _c1920
650 _aURDU POETRY
942 _hO168,1MMB,11, F0
_cTEXL
_2CC
999 _c456903
_d456903